Essentials of BASIC Programming

Bibliographic Details
Main Author: Stair, Ralph M.
Other Authors: Janaro, Ralph E.
Format: Book
Language:English
Published: Homewood, Illinois : Richard D. Irwin , c1984
Edition:Revised Edition
Series:The Irwin Series in information and decision sciences
Subjects:

MARC

LEADER 00000cam a2200000 7i4500
001 0000003885
005 20230525.0
008 991207 ilu eng
020 |a 0256029938 (pbk) 
040 |a INS 
090 0 0 |a QA76.73.B3   |b .S79 1984 
100 1 |a Stair, Ralph M. 
245 1 0 |a Essentials of BASIC Programming   |c Ralph M. Stair, Jr. and Ralph E. Janaro 
250 |a Revised Edition 
260 |a Homewood, Illinois :   |b Richard D. Irwin ,   |c c1984 
300 |a xi, 110p. :   |b ill. ;   |c 24 cm. 
440 4 |a The Irwin Series in information and decision sciences 
500 |a Includes index 
650 0 |a Basic (computer program language) 
650 0 |a Computer programs 
700 1 |a Janaro, Ralph E. 
999 |a 0000001959   |b BOOK   |c Open Shelf   |e Default branch 
999 |a 0000002391   |b BOOK   |c Open Shelf   |e Default branch